000 004450000a22001690004500
003 MACL
005 20151217171530.0
008 151217b xxu||||| |||| 00| 0 eng d
040 _aMACL
_cMACL
041 _aEnglish
082 _a030/WRI
100 _aWright, Ernest Hunter
_921027
245 _aRichards Topical Encyclopedia
_bVol 12
260 _bThe Richards Company Ltd
_c1956
650 _aEncyclopaedia
_921028
942 _cBK
_k030/WRI
_2ddc
999 _c40587
_d40587